000 00720nam a2200253Ia 4500
003 OSt
005 20220924122556.0
006 a|||||r|||| 00| 0
007 ta
008 220923b |||||||| |||| 00| 0 urd d
024 _a251213
037 _cTextual
040 _aARTS
_cARTS
_burd
041 _2urd
_aurd
082 _aO168,6x, J4
100 _aAbdul Shakoor Au.
245 0 _aUrdu intermidiate course
260 _aLuckhnow
_bRaja Ram Kumar press India
_c1954
300 _a380p.
_ccm.
650 _aURDU PROSE
_926866
700 _a Farooqui Khwaja Ahmad Au.
_9189981
942 _hO168,6x, J4
_cTEXL
_2CC
999 _c412221
_d412221